Orientación y desarrollo afectivo

Na minha lista:
Detalhes bibliográficos
Autor principal: Gutiérrez Muñoz, Fernando (Author)
Formato: Livro
Idioma:espanhol
Publicado em: Santiago COPRIM 1983
Colecção:Biblioteca de Orientación Escolar, 3
Assuntos:
Tags: Adicionar Tag
Sem tags, seja o primeiro a adicionar uma tag!

MARC

LEADER 00000nam a2200000 a 4500
001 UCZ7467
003 CL-VaPUC
008 960105e19830000CL |||||||||||||||||spa|d
082 0 4 |a 371.42  |b GUT  |2 21 
100 |a Gutiérrez Muñoz, Fernando  |e author  |9 534224 
245 1 0 |a Orientación y desarrollo afectivo 
300 |a 130 p 
942 |c BK 
945 |d 19960105 00:00:00  |a cmena 
260 |a Santiago  |b COPRIM  |c 1983 
650 7 |a ORIENTACION EDUCACIONAL  |2 CL-VaPUC  |9 312512 
650 0 |a Orientación profesional   |9 308504 
650 0 |a Vocación  |9 328817 
650 0 |a Desarrollo afectivo  |9 334359 
650 0 |a Desarrollo individual   |9 307875 
650 0 |a Aprendizaje   |9 254827 
583 |a last modification  |c 19960105 00:00:00  |k Rodrigo Vera 
490 0 |a Biblioteca de Orientación Escolar, 3 
999 |c 243539  |d 243537 
952 |0 0  |1 0  |4 0  |6 371_420000000000000_GUT_1983  |7 0  |8 P  |9 257213  |a BIBEDU  |b BIBEDU  |c BIBEDU_PB  |d 2019-11-19  |i 1611011  |o 371.42 GUT 1983  |p 1611011  |r 2024-01-25  |w 2019-11-19  |y BK  |k EDU